[Event "Paracin Winter op"]
[Site "Paracin"]
[Date "2018.02.04"]
[Round "9"]
[White "Delic, Miladin"]
[Black "Vasic, Dimitrije"]
[Result "1/2-1/2"]
[WhiteElo "1741"]
[BlackElo "1353"]
[PlyCount "51"]
[EventDate "2018.01.30"]
[EventType "swiss"]
[EventRounds "9"]
[EventCountry "SRB"]
[SourceTitle "CBM 182 Extra"]
[Source "ChessBase"]
[SourceDate "2018.02.23"]
[SourceVersion "1"]
[SourceVersionDate "2018.02.23"]
[SourceQuality "1"]

1. Nf3 d5 2. c4 e6 3. cxd5 exd5 4. b3 Nf6 5. Bb2 Be7 6. e3 Nc6 7. Nc3 Bg4 8. d4 a6 9. Be2 Qd6 10. h3 Bh5 11. 0-0 0-0 12. Ng5 Bxe2 13. Qxe2 h6 14. Nf3 Rfe8 15. Nh4 Qd7 16. a3 Rad8 17. Nf3 Bd6 18. Qc2 Ne4 19. Nxe4 Rxe4 20. Nd2 Re6 21. e4 Be7 22. e5 Rg6 23. Qd3 Qe6 24. f4 f5 25. Rf3 Bh4 26. g3 1/2-1/2

[Event "Paracin Winter op"]
[Site "Paracin"]
[Date "2018.02.04"]
[Round "8"]
[White "Vasic, Dimitrije"]
[Black "Milosavljevic, Radosav"]
[Result "1-0"]
[WhiteElo "1353"]
[BlackElo "1659"]
[PlyCount "65"]
[EventDate "2018.01.30"]
[EventType "swiss"]
[EventRounds "9"]
[EventCountry "SRB"]
[SourceTitle "CBM 182 Extra"]
[Source "ChessBase"]
[SourceDate "2018.02.23"]
[SourceVersion "1"]
[SourceVersionDate "2018.02.23"]
[SourceQuality "1"]

1. e4 c5 2. Bc4 e6 3. Nc3 a6 4. a3 Nc6 5. Nf3 Qc7 6. d3 Nf6 7. h3 Be7 8. Be3 b5 9. Ba2 Rb8 10. 0-0 0-0 11. d4 cxd4 12. Nxd4 Ne5 13. Qe2 Bb7 14. Bf4 Bd6 15. Bxe5 Bxe5 16. Rad1 Qb6 17. Qd3 Rfd8 18. Kh1 d5 19. exd5 Nxd5 20. Nce2 Nf6 21. c3 Be4 22. Qe3 Bd6 23. Ng3 Qb7 24. Nxe4 Qxe4 25. Qxe4 Nxe4 26. Nc6 Bc5 27. Rxd8+ Rxd8 28. Nxd8 Nxf2+ 29. Kh2 Bd6+ 30. Kg1 Ne4 31. Nxf7 Bc5+ 32. Kh2 Nf6 33. Bxe6 1-0

[Event "Paracin Winter op"]
[Site "Paracin"]
[Date "2018.02.01"]
[Round "4"]
[White "Vasic, Dimitrije"]
[Black "Dimitrijevic, Dusan S"]
[Result "0-1"]
[WhiteElo "1353"]
[BlackElo "1552"]
[PlyCount "88"]
[EventDate "2018.01.30"]
[EventType "swiss"]
[EventRounds "9"]
[EventCountry "SRB"]
[SourceTitle "CBM 182 Extra"]
[Source "ChessBase"]
[SourceDate "2018.02.23"]
[SourceVersion "1"]
[SourceVersionDate "2018.02.23"]
[SourceQuality "1"]

1. e4 e6 2. d4 d6 3. Nf3 c6 4. Bd3 g6 5. Be3 Bg7 6. c3 Bd7 7. Nbd2 Nf6 8. h3 0-0 9. 0-0 Be8 10. Qb3 b6 11. Nh2 Nfd7 12. f4 Qc7 13. Ng4 Nf6 14. Nxf6+ Bxf6 15. e5 Bg7 16. Qc2 Bh6 17. Rae1 Nd7 18. Rf3 Kh8 19. Nf1 Rg8 20. Rg3 dxe5 21. fxe5 Bxe3+ 22. Nxe3 f6 23. exf6 Qxg3 24. Qe2 Bf7 25. Nf1 Qd6 26. Qf3 e5 27. dxe5 Nxe5 28. Qf4 Qc5+ 29. Qf2 Qxf2+ 30. Kxf2 Nxd3+ 31. Ke2 Nxe1 32. Kxe1 Bxa2 33. Nd2 Bd5 34. g4 Rad8 35. c4 Bg2 36. Nf1 Bxh3 37. Kf2 Bxf1 38. Kxf1 Rd2 39. b3 h6 40. f7 Rf8 41. Ke1 Rg2 42. Kf1 Rb2 43. Ke1 Rxf7 44. Kd1 Rf1# 0-1